New headway English course : Pre-Intermediate, Workbook with key

This is a new edition with a modified syllabus and extensive new material.

में बचाया:
ग्रंथसूची विवरण
स्वरूप: पुस्तक
भाषा:Undetermined
प्रकाशित: Oxford Oxford University Press 2000
विषय:
टैग : टैग जोड़ें
कोई टैग नहीं, इस रिकॉर्ड को टैग करने वाले पहले व्यक्ति बनें!
Thư viện lưu trữ: Trung tâm Học liệu Trường Đại học Cần Thơ
LEADER 00711nam a2200205Ia 4500
001 CTU_228417
008 210402s9999 xx 000 0 und d
082 |a 428.0071 
082 |b N532 
245 0 |a New headway English course : 
245 0 |b Pre-Intermediate, Workbook with key 
245 0 |c John Soars, Liz Soars 
260 |a Oxford 
260 |b Oxford University Press 
260 |c 2000 
520 |a This is a new edition with a modified syllabus and extensive new material. 
650 |a Tiếng Anh,English language 
650 |x Sách giáo khoa cho người nước ngoài,Textbooks for foreign speakers 
910 |b nthai 
980 |a Trung tâm Học liệu Trường Đại học Cần Thơ